00796cam a2200193u 450000100100000000500170001000800410002704000310006808200160009924501030011526000480021830000210026649000800028750000720036765000240043965000260046370000340048983000790052300001913120200929165930.0820504s1969 gw 000 0 ger  aDO-SdBNPcCarPdDLCdBNPHU aC861bD852a04aDas Duell und andere kolumbianische Erzahlungen /cselección y redacción Peter Schultze-Kraft. aTübingen, :bHorst Erdmann Verlag,c1969. a403 p. ;c21 cm.1 aLibros espirituales, encuentro del Instituto de Relaciones Culturales ;v25 aIncluye referencia biográfica sobre el editor en la contrasolapa. 4aCuentos colombianos 4aLiteratura colombiana1 aSchultze-Kraft, Peter,d1937- 0aLibros espirituales encuentro del Instituto de Relaciones Culturales ;n25